000 00332nam a2200145Ia 4500
008 191201s2011 xx 000 0 und d
082 _a620.112
_bRYS
100 _aRYDER, G H
245 0 _aStrength of Materials
250 _a3rd
260 _aN.Delhi
_bMacmillan
_c2011
300 _a340
650 _aB.Tech(ME)
942 _2ddc
_cBK
999 _c3203
_d3203